| 000 | 00521nam a22001697a 4500 | ||
|---|---|---|---|
| 005 | 20260304160927.0 | ||
| 008 | 260304b |||||||| |||| 00| 0 eng d | ||
| 020 | _a978-1-907816-86-4 | ||
| 050 | _aRS 100 .P74 2014 | ||
| 100 | _aNORTON, DANIEL | ||
| 245 | _aPRESCRIBING SKILLS WORKBOOK | ||
| 260 |
_aLONDON, _bJP MEDICAL LTD, _c2014. |
||
| 300 | _aVi, 369 p ILL | ||
| 650 | _aPRESCRIPTION, DRUG- PROBLEMS, EXERCISE 2. MEDICATION ERRORS- PREVETION | ||
| 700 | _aNORTON NICHOLAS. CAISLEY, JANE | ||
| 942 |
_2lcc _cBK |
||
| 999 |
_c216779 _d216779 |
||